Los tesoros de la América antigua : artes de las civilizaciones precolombinas desde México al Perú /

Salvato in:
Dettagli Bibliografici
Autore principale: Skira, Albert (dirección)
Altri autori: Lothrop, S.K. (texto) (texto), Vázquez Zamora, Rafael (traducción) (traducción)
Natura: Libro
Lingua:spagnolo
Pubblicazione: Ginebra, Suiza : Barcelona, España : Skira ; Destino, 1964, c1964
Tags: Aggiungi Tag
Nessun Tag, puoi essere il primo ad aggiungerne!!

MARC

LEADER 00000nam^a2200000^a^4500
001 000579139
005 20250526000000.0
009 20260310132524.018
037 |a Acervo Xavier Clavigero 
041 |a ESP 
091 |a FIP. 01409 
100 |a Skira, Albert  |e (dirección) 
245 1 4 |a Los tesoros de la América antigua :  |b artes de las civilizaciones precolombinas desde México al Perú / 
264 4 |a Ginebra, Suiza :  |b Skira ;  |a Barcelona, España :  |b Destino,  |c 1964, c1964 
300 |a 247 p. ;  |c 33.0 cm. 
336 |a texto  |b txt  |2 rdacontenido 
337 |a sin mediación  |b n  |2 rdamedio 
338 |a volumen  |b nc  |2 rdasoporte 
649 |a XX 
700 |a Lothrop, S.K.  |e (texto) 
700 |a Vázquez Zamora, Rafael  |e (traducción) 
910 |a Fondo Manuel Ignacio Pérez Alonso S.J. 
920 |a Impresos - Libros 
930 |a Libros Antiguos y Raros 
905 |a 108 
901 |a 0500409050  |b IT2  |c LRA  |i D  |u 20250526 
902 |a https://opac.biblio.iteso.mx/vufind/Record/000579139